Guess the Animal by the Picture - E - Statistics

General Stats
  • This quiz has been taken 220 times
  • The average score is 7 of 12
Answer Stats
Picture Answer % Correct
Elephant
99%
Emu
80%
Eel
78%
Elk
74%
Earthworm
73%
Elephant Seal
60%
Echidna
49%
Earwig
48%
Egret
38%
Eland
20%
Eider
19%
Eagle Ray
15%
No matching quizzes found
Score Distribution
Percent of People with Each Score
Percentile by Number Answered
Your Score History
You have not taken this quiz